Normal view MARC view

Entry Topical Term

Number of records used in: 1

001 - CONTROL NUMBER

  • control field: 16450

003 - CONTROL NUMBER IDENTIFIER

  • control field: OSt

005 - DATE AND TIME OF LATEST TRANSACTION

  • control field: 20230213170922.0

008 - FIXED-LENGTH DATA ELEMENTS

  • fixed length control field: 230213|| aca||aabn | a|a d

040 ## - CATALOGING SOURCE

  • Original cataloging agency: OSt
  • Transcribing agency: OSt

150 ## - HEADING--TOPICAL TERM

  • Topical term or geographic name entry element: Peadiatrics

670 ## - SOURCE DATA FOUND

  • Source citation: Work cat.: (OSt)318: Stanfield, Paget; [et...al] 838, Diseases of Children in the Subtropics and Tropics , 1991